[Event "HUN-ch+"]
[Site "Budapest"]
[Date "1971.??.??"]
[Round "5"]
[White "Barczay, Laszlo"]
[Black "Csom, Istvan"]
[Result "0-1"]
[WhiteElo "2450"]
[BlackElo "2480"]

1.e4 c5 2.Nf3 d6 3.d4 cxd4 4.Nxd4 Nf6 5.Nc3 Nc6 6.Bg5 Bd7 7.Qd2 Nxd4 8.Qxd4 Qa5
9.f4 e6 10.O-O-O Be7 11.e5 dxe5 12.fxe5 O-O-O 13.Bc4 Bc6 14.Qf4 h6 15.Bxf6 gxf6
16.exf6 Ba3 17.Ne4 Bxe4  0-1

[Event "CSR-ch"]
[Site "Luhacovice"]
[Date "1971.??.??"]
[Round "2"]
[White "Hlousek, Zdenek"]
[Black "Mititelu, Gheorghe"]
[Result "1/2-1/2"]
[WhiteElo "2380"]
[BlackElo "2400"]

1.e4 c5 2.Nf3 Nc6 3.d4 cxd4 4.Nxd4 Nf6 5.Nc3 d6 6.Bg5 a6 7.Qd2 Bd7 8.O-O-O b5
9.Bxf6 gxf6 10.f4 e6 11.Kb1 Qb6 12.Nf3 O-O-O 13.g3 Be7 14.Ne2 Kb8 15.Ned4 Nxd4
16.Nxd4 Bc8 17.Bg2 Bb7 18.Qe2 h5 19.c3 h4 20.f5 e5 21.Nc2 hxg3 22.hxg3 Rxh1
23.Bxh1 Rg8 24.g4 Rh8 25.Bf3 Qc5 26.Ne3 Rh3 27.Nd5  1/2-1/2

[Event "CSR-ch"]
[Site "Luhacovice"]
[Date "1971.??.??"]
[Round "6"]
[White "Jansa, Vlastimil"]
[Black "Mititelu, Gheorghe"]
[Result "1-0"]
[WhiteElo "2450"]
[BlackElo "2400"]

1.e4 c5 2.Nf3 Nc6 3.d4 cxd4 4.Nxd4 Nf6 5.Nc3 d6 6.Bg5 a6 7.Qd2 Bd7 8.O-O-O b5
9.Nxc6 Bxc6 10.Qe3 Qa5 11.Kb1 h6 12.Bxf6 gxf6 13.Be2 Rg8 14.f4 Qc7 15.Bh5 Qa7
16.Qe2 Rg7 17.Nd5 O-O-O 18.Rd3 Kb8 19.Bf3 e6 20.Nxf6 Be7 21.Nh5 Rgg8 22.f5 e5
23.f6 Bf8 24.Bg4 Qb7 25.Bf5 Rg5 26.Rhd1 Rxf5 27.exf5 Bxg2 28.Re3 Rc8 29.Ng7 Bd5
30.Qd3 Bc6 31.Ne6 e4 32.Qd4 d5 33.Qe5+ Ka8 34.Nxf8 Rxf8 35.Rc3 Qd7 36.Qe7 Re8
37.Qxd7 Bxd7 38.Rc7 Bxf5 39.Rxf7 Re6 40.Rxd5  1-0

[Event "CSR-ch"]
[Site "Luhacovice"]
[Date "1971.??.??"]
[Round "14"]
[White "Kostro, Jerzy"]
[Black "Mititelu, Gheorghe"]
[Result "1/2-1/2"]
[WhiteElo "2385"]
[BlackElo "2400"]

1.e4 c5 2.Nf3 Nc6 3.d4 cxd4 4.Nxd4 Nf6 5.Nc3 d6 6.Bg5 a6 7.Qd2 Bd7 8.O-O-O e6
9.f4 Be7 10.Be2 Qc7 11.Bf3 h6 12.Bxf6 Bxf6 13.Nxc6 Bxc6 14.Qxd6 Qxd6 15.Rxd6 Bxc3
16.bxc3  1/2-1/2

[Event "BCF-ch"]
[Site "Brighton"]
[Date "1972.08.16"]
[Round "3"]
[White "Stean, Michael"]
[Black "Lee, Peter N"]
[Result "1/2-1/2"]
[WhiteElo "2275"]
[BlackElo "2390"]

1.e4 c5 2.Nf3 d6 3.d4 cxd4 4.Nxd4 Nf6 5.Nc3 Nc6 6.Bg5 Bd7 7.Qd2 Rc8 8.O-O-O Nxd4
9.Qxd4 Qa5 10.Bd2 a6 11.f3 e5 12.Qd3 Be6 13.a3 Qc7 14.Bg5 Nd7 15.Be3 Be7
16.Qe2 O-O 17.Nd5 Bxd5 18.Rxd5 Nf6 19.Rd1 d5 20.exd5 Rfd8 21.d6 Rxd6 22.Rxd6 Qxd6
23.Qd2 Qe6 24.Kb1 Nd5 25.Bd3  1/2-1/2

[Event "Islington op"]
[Site "Islington"]
[Date "1972.12.16"]
[Round "4"]
[White "Eley, Brian"]
[Black "Bellin, Robert"]
[Result "0-1"]
[WhiteElo "2296"]
[BlackElo "2328"]

1.e4 c5 2.Nf3 d6 3.d4 cxd4 4.Nxd4 Nf6 5.Nc3 Nc6 6.Bg5 e6 7.f4 h6 8.Bh4 Be7
9.Bf2 a6 10.Be2 Bd7 11.O-O O-O 12.Bf3 Qc7 13.Rc1 Rac8 14.Nce2 e5 15.Nb3 Ng4
16.Bxg4 Bxg4 17.f5 Bg5 18.Ra1 Ne7 19.h3 Bxe2 20.Qxe2 Qxc2 21.Qxc2 Rxc2 22.Rad1 Rxb2
23.Rxd6 Nc8 24.Rd7 b5 25.h4 Bf6 26.Ra1 Rd8 27.Nc5 Rxd7 28.Nxd7 Nd6 29.Rc1 Nc4
30.a4 Be7 31.Bc5 Bxc5+ 32.Nxc5 Ne3 33.axb5 axb5 34.Ra1 Rxg2+ 35.Kh1 Rd2 36.Ra8+ Kh7
37.Rb8 g6 38.Rb7 Kg7 39.fxg6 Kxg6 40.Rxb5 Kh5 41.Rb3 Rd1+ 42.Kh2 Ng4+ 43.Kg3 Rg1+
44.Kh3 Rh1+ 45.Kg3 Rg1+ 46.Kh3 Nf2+ 47.Kh2 Rg4 48.Rf3 Rxh4+ 49.Kg2 Nxe4 50.Rf5+ Ng5
51.Rxe5 Rd4 52.Re2 Kg4 53.Nb3 Rd3 54.Nd2 f5 55.Nc4 Rg3+ 56.Kf1 f4 57.Rh2 Rf3+
58.Ke2 Rh3 59.Rg2+ Kf5 60.Rg1 Rh2+  0-1

[Event "WchT U26"]
[Site "Graz"]
[Date "1972.??.??"]
[Round "3"]
[White "Van Herck, Marcel"]
[Black "Kristiansen, Jens"]
[Result "0-1"]
[WhiteElo "2200"]
[BlackElo "2360"]

1.e4 c5 2.Nf3 Nc6 3.d4 cxd4 4.Nxd4 Nf6 5.Nc3 d6 6.Bg5 Qb6 7.Nb3 e6 8.Qd2 Be7
9.Be2 a6 10.a4 Qc7 11.a5 Bd7 12.f3 h6 13.Be3 Ne5 14.Na4 Bb5 15.Nb6 Rd8 16.Bxb5+ axb5
17.Nd4 d5 18.Nxb5 Qb8 19.exd5 Nxd5 20.Nxd5 Rxd5 21.Qe2 Bb4+ 22.Kf2 O-O 23.Rhd1 Rfd8
24.b3 Nxf3 25.Rxd5 Rxd5 26.gxf3 Qxh2+ 27.Kf1 Qh1+ 28.Bg1 Rd2 29.c3 Rxe2 30.Kxe2 Bc5
31.Bxc5 Qxa1 32.b4 Qa4 33.Nd6 Qc2+ 34.Kf1 Qxc3  0-1

[Event "URS-chT Moscow"]
[Site "Moscow"]
[Date "1972.??.??"]
[Round "?"]
[White "Makarichev, Sergey"]
[Black "Anetbaev, Berik"]
[Result "0-1"]
[WhiteElo "2400"]
[BlackElo "2200"]

1.e4 c5 2.Ne2 Nc6 3.d4 cxd4 4.Nxd4 Nf6 5.Nc3 d6 6.Bg5 e6 7.Qd2 a6 8.O-O-O Bd7
9.f4 h6 10.Bh4 Rc8 11.Nf3 b5 12.Kb1 b4 13.Bxf6 gxf6 14.Ne2 Be7 15.Ned4 Qb6
16.Qd3 Ra8 17.g3 Nxd4 18.Nxd4 Ra7 19.Be2 Bc8 20.Bh5 a5 21.f5 e5 22.Nb5 Rd7
23.Qc4 O-O 24.Bxf7+ Rxf7 25.Qxc8+ Bf8 26.Rd5 Kh7 27.Qc4 Rg7 28.Rhd1 Rg4 29.Qe2 Rgg7
30.g4 Rg5 31.h4 Rg8 32.g5 fxg5 33.hxg5 Rxg5 34.Rxe5 Rdg7 35.Red5 Rg2 36.Qc4 Rg1
37.a4 bxa3 38.b3 Rxd1+ 39.Rxd1 Rg1 40.Rf1 d5 41.exd5 Qf6  0-1

[Event "Rubinstein mem"]
[Site "Polanica Zdroj"]
[Date "1972.??.??"]
[Round "7"]
[White "Kostro, Jerzy"]
[Black "Haag, Ervin"]
[Result "1/2-1/2"]
[WhiteElo "2390"]
[BlackElo "2440"]

1.e4 c5 2.Nf3 Nc6 3.d4 cxd4 4.Nxd4 Nf6 5.Nc3 d6 6.Bg5 e6 7.Qd2 a6 8.O-O-O h6
9.Bf4 Bd7 10.Nxc6 Bxc6 11.f3 d5 12.Qe1 Bb4 13.a3 Ba5 14.exd5 Nxd5 15.Bd2 Nxc3
16.Bxc3 Qg5+ 17.Bd2 Bxd2+ 18.Qxd2 Qxd2+ 19.Rxd2 Ke7 20.Be2 Rad8 21.Rhd1 Rxd2
22.Rxd2 g5 23.Kd1  1/2-1/2

[Event "Rubinstein mem"]
[Site "Polanica Zdroj"]
[Date "1972.??.??"]
[Round "15"]
[White "Kostro, Jerzy"]
[Black "Ermenkov, Evgenij"]
[Result "1-0"]
[WhiteElo "2390"]
[BlackElo "2410"]

1.e4 c5 2.Nf3 Nc6 3.d4 cxd4 4.Nxd4 Nf6 5.Nc3 d6 6.Bg5 Bd7 7.Qd2 Nxd4 8.Qxd4 h6
9.Bxf6 gxf6 10.Bb5 Bc6 11.f4 h5 12.O-O Qa5 13.Bc4 Rg8 14.b4 Qd8 15.f5 Bh6
16.b5 Bd7 17.Nd5 Rc8 18.Rad1 Rc5 19.a4 Bg5 20.Bb3 h4 21.Kh1 Rg7 22.Rd3 Kf8
23.Rc3 b6 24.Rxc5 dxc5 25.Qd3 Be8 26.Qc3 Qd6 27.Bc4 Bd7 28.a5 Bc8 29.axb6 axb6
30.Qa1 Bb7 31.Qa7 Bxd5 32.Bxd5 Kg8 33.Qa8+ Kh7 34.Qe8 h3 35.Bxf7 hxg2+ 36.Kxg2 Qd2+
37.Kh1 Qe2 38.Bg6+ Rxg6 39.Qxg6+ Kh8 40.Qe8+ Kg7 41.Qxe7+ Kh6 42.Qf8+ Kh7
43.Qf7+ Kh8 44.Qe8+ Kh7 45.Qd7+ Kh6 46.Qd3  1-0

[Event "Skopje ol (Men) prel"]
[Site "Skopje"]
[Date "1972.??.??"]
[Round "1"]
[White "Abraham, Ines"]
[Black "Gheorghiu, Florin"]
[Result "0-1"]
[WhiteElo "2200"]
[BlackElo "2520"]

1.e4 c5 2.Nf3 Nc6 3.d4 cxd4 4.Nxd4 Nf6 5.Nc3 d6 6.Bg5 Bd7 7.Be2 a6 8.O-O e6
9.a4 Be7 10.Be3 O-O 11.Qd2 Ne5 12.h3 Rc8 13.b3 Qc7 14.Nd1 Nxe4 15.Qc1 d5
16.g3 Bf6 17.Ra2 Nc6 18.Nxc6 Bxc6 19.f4 Nxg3 20.Rf2 d4 21.Bd2 Qd6 22.Bd3 Qd5
23.Rh2 e5 24.Bc4 Qf3 25.Bb4 b5 26.axb5 axb5 27.c3 bxc4 28.Raf2 Qe4 29.Bxf8 Qe1+  0-1

[Event "Skopje ol (Men) prel"]
[Site "Skopje"]
[Date "1972.??.??"]
[Round "1"]
[White "De la Cruz, G."]
[Black "Moriarty, TJ."]
[Result "1-0"]
[WhiteElo "2200"]
[BlackElo "2200"]

1.e4 c5 2.Nf3 d6 3.d4 cxd4 4.Nxd4 Nf6 5.Nc3 Nc6 6.Bg5 e6 7.Nb3 a6 8.Qd2 Be7
9.O-O-O Na5 10.Bxf6 Nxb3+ 11.axb3 gxf6 12.Bd3 Bd7 13.f4 Qa5 14.Na4 Qxd2+
15.Rxd2 Bxa4 16.bxa4 O-O-O 17.Bc4 Rhf8 18.f5 e5 19.Rf1 Rd7 20.Rd3 Bd8 21.Rh3 Rh8
22.Rg3 Be7 23.Bxf7 Rc7 24.Rff3 Kb8 25.Rg8+ Rxg8 26.Bxg8 Bf8 27.Rh3 h6 28.Be6 Ka7
29.Rg3 Bg7 30.Kd2 Kb8 31.c4 Ka7 32.Ke2 a5 33.Kf3 b6 34.Kg4 Re7 35.Rd3 Bf8
36.Kh5 Rg7 37.Rg3 Rxg3 38.hxg3 Kb8 39.Kg6 Be7 40.Kxh6 Kc7  1-0

[Event "Skopje ol (Men) fin-B"]
[Site "Skopje"]
[Date "1972.??.??"]
[Round "1"]
[White "Magnusson, Olafur"]
[Black "Minaya, Juan M"]
[Result "1/2-1/2"]
[WhiteElo "2380"]
[BlackElo "2200"]

1.e4 c5 2.Nf3 Nc6 3.d4 cxd4 4.Nxd4 Nf6 5.Nc3 d6 6.Bg5 e6 7.Qd2 a6 8.O-O-O Bd7
9.f4 Be7 10.Nf3 b5 11.Bxf6 Bxf6 12.Qxd6 Be7 13.Qd2 Ra7 14.Ne2 O-O 15.Ned4 Qb6
16.Nxc6 Bxc6 17.Bd3 Rc8 18.Kb1 a5 19.Qe2 a4 20.Rc1 b4 21.c4 Bc5 22.Rhe1 Rd8
23.e5 h6 24.Be4 Rad7 25.Bxc6 Qxc6 26.Qe4 Qb6 27.Qe2 Qc6  1/2-1/2

[Event "Skopje ol (Men) prel"]
[Site "Skopje"]
[Date "1972.??.??"]
[Round "2"]
[White "De la Cruz, G."]
[Black "Trikaliotis, Georgios"]
[Result "1-0"]
[WhiteElo "2200"]
[BlackElo "2200"]

1.e4 c5 2.Nf3 Nc6 3.d4 cxd4 4.Nxd4 Nf6 5.Nc3 d6 6.Bg5 e6 7.Nb3 Be7 8.Qd2 a6
9.O-O-O b5 10.a3 Bb7 11.Bxf6 gxf6 12.f4 Qc7 13.Bxb5 axb5 14.Nxb5 Qb6 15.Nxd6+ Bxd6
16.Qxd6 Rd8 17.Qc5 Qxc5 18.Nxc5 Bc8 19.c3 Ke7 20.b4 Rxd1+ 21.Rxd1 Rd8 22.Rxd8 Kxd8
23.Kc2 Kc7 24.Kb3 Kb6 25.a4 Na5+ 26.Kc2 Nb7 27.Nd3 Nd6 28.Nc5 Nb7 29.Nb3 Bd7
30.a5+ Ka6 31.Kd3 Ba4 32.Nd4 Nd6 33.e5 fxe5 34.fxe5 Nb5 35.c4 Nxd4 36.Kxd4 Bb3
37.g4 Bd1 38.g5 Be2 39.Kc5 Bd3 40.h3 Kb7  1-0

[Event "Skopje ol (Men) fin-B"]
[Site "Skopje"]
[Date "1972.??.??"]
[Round "3"]
[White "Diaz, Joaquin C"]
[Black "Zadrima, Aldo"]
[Result "1/2-1/2"]
[WhiteElo "2200"]
[BlackElo "2200"]

1.e4 c5 2.Nf3 Nc6 3.d4 cxd4 4.Nxd4 Nf6 5.Nc3 d6 6.Bg5 Bd7 7.Qd2 Rc8 8.Be2 h6
9.Bxf6 gxf6 10.O-O h5 11.Kh1 h4 12.f4 h3 13.g4 Qb6 14.Nb3 e6 15.Nb5 Nd8 16.a4 a6
17.a5 Qc6 18.Nc3 Bg7 19.Rac1 f5 20.Nd4 Qc5 21.gxf5 exf5 22.Nxf5 Qxf5 23.exf5 Bxc3
24.bxc3 Rh6  1/2-1/2

[Event "Skopje ol (Men) prel"]
[Site "Skopje"]
[Date "1972.??.??"]
[Round "4"]
[White "Benitez, Francisco"]
[Black "Minaya, Juan M"]
[Result "0-1"]
[WhiteElo "2200"]
[BlackElo "2200"]

1.e4 c5 2.Nf3 Nc6 3.d4 cxd4 4.Nxd4 Nf6 5.Nc3 d6 6.Bg5 e6 7.Qd2 a6 8.f4 h6
9.Bh4 Nxe4 10.Bxd8 Nxd2 11.Bb6 Nxf1 12.Rxf1 Bd7 13.O-O-O Rc8 14.Rfe1 Be7
15.g3 O-O 16.Nf3 d5 17.Ne2 Bf6 18.Ned4 Rfe8 19.Rd2 Nxd4 20.Bxd4 b5 21.Ne5 Re7
22.Re3 a5 23.Rc3 Rxc3 24.Bxc3 b4 25.Bd4 Be8 26.Bb6 a4 27.Rd4 Rb7 28.Ba5 Be7
29.Nd3 b3 30.axb3 axb3 31.cxb3 Rxb3 32.Kc2 Rb8 33.Bb4 Rc8+ 34.Kd2 Bd8 35.Bc5 Bb5
36.b4 Ra8 37.Nc1 Bf6 38.Kc3 Bc4 39.Kb2 Ra4 40.Nb3  0-1

[Event "Skopje ol (Men) prel"]
[Site "Skopje"]
[Date "1972.??.??"]
[Round "5"]
[White "Olsson, Ake"]
[Black "Gavrilovic, Mikhail"]
[Result "1/2-1/2"]
[WhiteElo "2380"]
[BlackElo "2200"]

1.e4 c5 2.Nf3 Nc6 3.d4 cxd4 4.Nxd4 Nf6 5.Nc3 d6 6.Bg5 e6 7.Qd2 a6 8.O-O-O Bd7
9.f4 h6 10.Bh4 Nxe4 11.Bxd8 Nxd2 12.Bb6 Nxf1 13.Rhxf1 Nxd4 14.Bxd4 Bc6 15.g3 f5
16.Rfe1 Kf7 17.Bb6 Rc8 18.Ba5 Be7 19.Rd2 Rhe8 20.Bb4 Rcd8 21.a4 Bf6 22.Red1 Bf3
23.Rf1 Bc6 24.Rfd1 Bf3 25.Rf1 Bxc3 26.Bxc3 Be4 27.Bb4 d5 28.Bc3 Rc8 29.Be5 Rg8
30.c3 Rc4 31.b3 Rcc8 32.Kb2 g5 33.Rd4 Rcd8 34.Rb4 Rd7 35.Rb6 gxf4 36.Rxf4 Rg4
37.Rf2 h5 38.h3 Rg6 39.Rd2 Rg8 40.Rd4 Rc8 41.Rdb4 d4 42.Rxd4 Rxd4 43.Bxd4 Rg8
44.Be5 Rd8 45.h4 Bc6 46.Bf4 Re8 47.b4 Rc8 48.c4 Be4 49.Kc3 Bd5 50.c5 a5 51.Bd6 axb4+
52.Kxb4 Bc6 53.Rb5 Ra8 54.Ra5 Rxa5 55.Kxa5 Ke8 56.Kb6 Kd7 57.a5 Bf3  1/2-1/2

[Event "Skopje ol (Men) fin-B"]
[Site "Skopje"]
[Date "1972.??.??"]
[Round "9"]
[White "Suradiradja, Herman"]
[Black "Markland, Peter R"]
[Result "1/2-1/2"]
[WhiteElo "2200"]
[BlackElo "2420"]

1.e4 c5 2.Nf3 Nc6 3.d4 cxd4 4.Nxd4 Nf6 5.Nc3 d6 6.Bg5 Bd7 7.Qd2 Rc8 8.f4 Qb6
9.O-O-O Qxd4 10.Qxd4 Nxd4 11.Rxd4 h6 12.Bxf6 gxf6 13.Rb4 b6 14.Bb5 h5 15.Bxd7+ Kxd7
16.Ra4 Rc7 17.Nd5 Rb7 18.Kd2 Bg7 19.f5 e6 20.Ne3 Bh6 21.Rf1 Rg8 22.g3 Ke7
23.Ke2 Rc8 24.Rc4 Rxc4 25.Nxc4 Rc7 26.Kd3 Rc5 27.b4 Rc7  1/2-1/2

[Event "Skopje ol (Men) fin-B"]
[Site "Skopje"]
[Date "1972.??.??"]
[Round "10"]
[White "Janetschek, Karl"]
[Black "Adhami, Vangiel"]
[Result "1-0"]
[WhiteElo "2200"]
[BlackElo "2250"]

1.e4 c5 2.Nf3 Nc6 3.d4 cxd4 4.Nxd4 Nf6 5.Nc3 d6 6.Bg5 Bd7 7.Qd2 Rc8 8.Be2 a6
9.f4 h6 10.Bxf6 gxf6 11.Nf5 Qa5 12.O-O h5 13.Kh1 Bxf5 14.exf5 Qxf5 15.Bf3 Qa5
16.Rad1 f5 17.Qe2 Bg7 18.Nd5 Kf8 19.c3 e6 20.Ne3 Qd8 21.Bxh5 Qh4 22.g4 fxg4
23.Bxg4 Rd8 24.f5 e5 25.f6 Bxf6 26.Nf5 Qg5 27.Nxd6 Rh4 28.h3 Qg6 29.Qf3 Rh6
30.Nxb7 Rxd1 31.Rxd1 Ne7 32.Nc5 Qc2 33.Nd7+ Kg7 34.Rg1 Bg5 35.Nxe5 Rf6 36.Qe2 Qxe2
37.Bxe2 Rf5 38.Nf3 Kh6 39.Nxg5 Rxg5 40.Rxg5 Kxg5 41.Bxa6  1-0

[Event "Skopje ol (Men) fin-C"]
[Site "Skopje"]
[Date "1972.??.??"]
[Round "13"]
[White "Santos, Luis M"]
[Black "Hay, Trevor"]
[Result "0-1"]
[WhiteElo "2200"]
[BlackElo "2200"]

1.e4 c5 2.Nf3 Nc6 3.d4 cxd4 4.Nxd4 Nf6 5.Nc3 d6 6.Bg5 e6 7.Qd2 a6 8.O-O-O Bd7
9.f3 b5 10.Nxc6 Bxc6 11.Kb1 Be7 12.Ne2 Nxe4 13.fxe4 Bxg5 14.Qxd6 Bxe4 15.Nc3 Qxd6
16.Rxd6 Bb7 17.Rb6 O-O-O 18.a4 Be3 19.Rxb7 Kxb7 20.axb5 axb5 21.Bxb5 Rd2
22.Bd3 Kb6 23.Re1 Bh6 24.Re4 Rxg2 25.Rc4 f5 26.Na4+ Kb7 27.Nc5+ Kc6 28.Nxe6+ Kd6
29.Bxf5 g6 30.Rh4 gxf5 31.Rxh6 Rg6 32.Nd4 Ke5 33.Rh4 Rg4 34.Nf3+ Ke4 35.Rh3 Rg2
36.Kc1 Rd8 37.b4 Kf4 38.Kb2 Kg4 39.Rg3+ Rxg3 40.hxg3 f4 41.gxf4 Kxf3 42.c4 Kg4
43.c5 Kxf4 44.c6 Ke5  0-1

[Event "Skopje ol (Men) fin-C"]
[Site "Skopje"]
[Date "1972.??.??"]
[Round "13"]
[White "Pritchett, Craig William"]
[Black "German, Eugenio Maciel"]
[Result "1-0"]
[WhiteElo "2340"]
[BlackElo "2200"]

1.e4 c5 2.Nf3 Nc6 3.d4 cxd4 4.Nxd4 Nf6 5.Nc3 d6 6.Bg5 Qb6 7.Nb3 e6 8.Be2 Bd7
9.O-O Be7 10.Kh1 a6 11.a4 Qc7 12.a5 Nb4 13.Qd2 O-O 14.Rfd1 Bc6 15.Bf3 d5
16.Bxf6 Bxf6 17.exd5 Bxd5 18.Nxd5 Nxd5 19.Bxd5 exd5 20.c3 Rfd8 21.Ra4 Rd6
22.Qf4 Re8 23.Rb4 Be5 24.Qf3 g6 25.g3 Bg7 26.Kg2 Red8 27.h4 h5 28.Rd3 Rf6
29.Qe3 Re6 30.Qa7 Re7 31.Qc5 Bf8 32.Qxc7 Rxc7 33.Rbd4 Rcd7 34.c4 Bg7 35.Rxd5 Rxd5
36.cxd5 Bxb2 37.Nc5 Rb8 38.d6 Kg7 39.d7 Bf6 40.Rb3 Bd8 41.Rxb7 Ra8 42.Rb6 Kf8
43.Rxa6 Rxa6 44.Nxa6 Ke7 45.Nb4 Kxd7 46.a6 Bb6 47.Nd5 Bd4 48.Nc3 Kc6 49.Ne4 f6
50.f4 Kb6 51.f5 gxf5 52.Nd6 Kxa6 53.Nxf5 Be5 54.Ng7 Kb6 55.Nxh5 Kc6 56.Ng7 Kd7
57.Kf3 Ke7 58.Nf5+ Kf7 59.h5 Bb2 60.Ke4 Ba3 61.g4 Bb4 62.Nd4 Bc3 63.Ne2 Bd2
64.Kf5 Be1 65.Nf4 Bd2 66.Nd5 Bg5 67.Nc3 Bc1 68.Ne4 Bb2 69.h6 Bd4 70.Nd6+ Kg8
71.Kg6 f5 72.gxf5 Bh8 73.Nf7 Bg7 74.h7+  1-0

[Event "Skopje ol (Men) fin-B"]
[Site "Skopje"]
[Date "1972.??.??"]
[Round "13"]
[White "Micheli, Carlo"]
[Black "Amos, Bruce M"]
[Result "0-1"]
[WhiteElo "2200"]
[BlackElo "2415"]

1.e4 c5 2.Nf3 d6 3.d4 cxd4 4.Nxd4 Nf6 5.Nc3 Nc6 6.Bg5 e6 7.Qd2 a6 8.O-O-O Bd7
9.f4 h6 10.Bh4 Nxe4 11.Qe1 Nf6 12.Nf5 Qa5 13.Nxd6+ Bxd6 14.Rxd6 Qc7 15.Qd2 O-O-O
16.Be2 Ne7 17.Bxf6 gxf6 18.Rd1 Bc6 19.Rxd8+ Rxd8 20.Bd3 f5 21.Qf2 Rg8 22.Bf1 Kb8
23.a3 Nc8 24.Na2 Qb6 25.Qd2 h5 26.Nb4 Be4 27.Qd7 Qc7 28.Qd2 h4 29.Nd3 Nb6
30.Qf2 Nd5 31.g3 hxg3 32.hxg3 Rc8 33.Rd2 Qb6 34.Qxb6 Nxb6 35.b3 Rg8 36.Ne5 Rxg3
37.Bc4 f6 38.Nd7+ Nxd7 39.Rxd7 e5 40.fxe5 fxe5 41.Re7 Rg1+ 42.Kd2 Rg2+ 43.Kc3 Rxc2+
44.Kb4 b5 45.Bf1 Rf2 46.Bh3 Rh2 47.Bf1 Rh1 48.Be2 Re1 49.Bh5 Bb7 50.Bg6 Bc8
51.Ka5 Rg1 52.Be8 e4 53.Kb6 Rh1 54.Bc6 Rh6 55.Kc5 Re6 56.Rf7 e3  0-1

[Event "Skopje ol (Men) fin-B"]
[Site "Skopje"]
[Date "1972.??.??"]
[Round "14"]
[White "Rodriguez, Ruben"]
[Black "Markland, Peter R"]
[Result "0-1"]
[WhiteElo "2400"]
[BlackElo "2420"]

1.e4 c5 2.Nf3 Nc6 3.d4 cxd4 4.Nxd4 Nf6 5.Nc3 d6 6.Bg5 Bd7 7.Qd2 Rc8 8.O-O-O Nxd4
9.Qxd4 Qa5 10.Bd2 e5 11.Qd3 a6 12.Kb1 Be6 13.Nd5 Qd8 14.c4 Bxd5 15.cxd5 Be7
16.f3 Nd7 17.Be2 Bg5 18.Bb4 Qb6 19.Qa3 Ke7 20.Rhf1 Ra8 21.g3 a5 22.Bc3 Be3
23.Qa4 Rhc8 24.Qb5 f6 25.f4 Qxb5 26.Bxb5 Bc5 27.Rf3 Nf8 28.a3 Ng6 29.h4 exf4
30.gxf4 Nxh4 31.Rg3 Rg8 32.Rf1 Bb6 33.Rh3 Ng6 34.Rxh7 Be3 35.f5 Ne5 36.Rh3 Bb6
37.Rg3 Raf8 38.Rh1 Nf7 39.Bd2 Rc8 40.Rh7 Rcd8 41.Rgxg7 Rxg7 42.Rxg7 Rh8 43.Bd7 Kf8
44.Rg2 Ng5 45.Bf4 Ke7 46.Be6 Rh4 47.Bxg5 fxg5 48.e5 dxe5 49.Rxg5 Rh1+ 50.Kc2 Rh2+
51.Kd1 e4 52.Rg7+ Kf6 53.Rxb7 Bc5 54.Rb5 Bd6 55.Rxa5 e3 56.Ra8 e2+  0-1

[Event "Stary Smokovec"]
[Site "Stary Smokovec"]
[Date "1972.??.??"]
[Round "3"]
[White "Szabo, Janos"]
[Black "Kovacs, Laszlo M"]
[Result "1/2-1/2"]
[WhiteElo "2450"]
[BlackElo "2400"]

1.e4 c5 2.Nf3 Nc6 3.d4 cxd4 4.Nxd4 Nf6 5.Nc3 d6 6.Bg5 e6 7.Qd2 Be7 8.O-O-O a6
9.f4 Bd7 10.Nf3 b5 11.Bxf6 gxf6 12.Nd4 Qb6 13.Nxc6 Bxc6 14.Bd3 b4 15.Ne2 d5
16.Ng3 O-O-O 17.Qe2  1/2-1/2

[Event "Stary Smokovec+"]
[Site "Stary Smokovec"]
[Date "1972.??.??"]
[Round "3"]
[White "Fichtl, Jiri"]
[Black "Dely, Peter"]
[Result "1/2-1/2"]
[WhiteElo "2385"]
[BlackElo "2480"]

1.e4 c5 2.Nf3 Nc6 3.d4 cxd4 4.Nxd4 Nf6 5.Nc3 d6 6.Bg5 Bd7 7.Qd2 Nxd4 8.Qxd4 Qa5
9.Bd2 e5 10.Qe3 Qc7 11.Bd3 a6 12.a4 Be7 13.O-O O-O 14.Qe2 Bg4 15.f3 Be6 16.Rfe1 Rfe8
17.Nd1 d5 18.exd5 Bxd5 19.c4 Bc6 20.Nc3 Bb4 21.Kh1 Qa5 22.Red1 h6 23.Be4  1/2-1/2

[Event "Teeside"]
[Site "Teeside"]
[Date "1972.??.??"]
[Round "9"]
[White "Tringov, Georgi P"]
[Black "Bilek, Istvan"]
[Result "1/2-1/2"]
[WhiteElo "2490"]
[BlackElo "2485"]

1.e4 c5 2.Nf3 Nc6 3.d4 cxd4 4.Nxd4 Nf6 5.Nc3 d6 6.Bg5 e6 7.Qd2 a6 8.O-O-O Bd7
9.f4 h6 10.Bh4 Nxe4 11.Qe1 Nf6 12.Nf5 Qa5 13.Nxd6+ Bxd6 14.Rxd6 O-O-O 15.Rd2 Ne7
16.Qe5 Qxe5 17.fxe5 Nf5 18.exf6 Nxh4 19.Ne4 Nf5 20.fxg7 Rhg8 21.g4 Bc6 22.gxf5 Rxd2
23.Kxd2 Bxe4 24.fxe6 Rxg7 25.exf7 Rxf7 26.Bh3+ Kc7 27.Rf1 Rxf1 28.Bxf1 a5
29.Bd3 Bd5 30.c4 Be6 31.Ke3 Kd6 32.Kd4 b6 33.b3 Bh3 34.a3 h5 35.b4 axb4 36.axb4 h4
37.Be4 Bf1 38.Bd5 Bh3 39.Bg8 Bg2 40.Bh7 Bh3 41.Be4 Bf1  1/2-1/2

[Event "Teeside"]
[Site "Teeside"]
[Date "1972.??.??"]
[Round "11"]
[White "Tringov, Georgi P"]
[Black "Bellin, Robert"]
[Result "1/2-1/2"]
[WhiteElo "2490"]
[BlackElo "2315"]

1.e4 c5 2.Nf3 Nc6 3.d4 cxd4 4.Nxd4 Nf6 5.Nc3 d6 6.Bg5 e6 7.Qd2 a6 8.O-O-O Bd7
9.f4 Be7 10.f5 Ne5 11.fxe6 fxe6 12.Nf3 Qc7 13.Be2 O-O-O 14.Rhf1 Kb8 15.Kb1 Bc8
16.Be3 Rhf8 17.Bg1 h6 18.Qe3 Nc6 19.Nd4 Nxd4 20.Qxd4 Qc5 21.Qa4 Bd7 22.Qb3 Qc6
23.Bf3 e5 24.Be2 Rc8 25.Nd5 Bd8 26.Nb4 Qa4 27.Nxa6+ Ka8 28.Nb4 Qxb3 29.axb3 Ba5
30.Nd5 Nxe4 31.b4 Rxf1 32.Bxf1 Bd8 33.Rd3 b5 34.Rd1 Kb7 35.Bd3 Nf6 36.Nc3 Ka6
37.Rf1 Bb6 38.Bxb6 Kxb6 39.Re1 Rf8 40.Rf1 Rd8 41.Ne4  1/2-1/2

[Event "JUG-ch"]
[Site "Umag"]
[Date "1972.??.??"]
[Round "17"]
[White "Janosevic, Dragoljub"]
[Black "Komljenovic, Davor"]
[Result "1-0"]
[WhiteElo "2430"]
[BlackElo "2200"]

1.e4 c5 2.Nf3 Nc6 3.d4 cxd4 4.Nxd4 Nf6 5.Nc3 d6 6.Bg5 Qa5 7.Bb5 Bd7 8.Nb3 Qc7
9.f4 a6 10.Be2 e6 11.Qd2 Be7 12.O-O-O b5 13.Bxf6 gxf6 14.f5 h5 15.fxe6 fxe6
16.a3 Bf8 17.Kb1 Ke7 18.Bxb5 Bh6 19.Qf2 h4 20.Bxc6 Qxc6 21.Rd3 Bg5 22.Rhd1 Rhc8
23.g3 h3 24.Rxd6 Qxd6 25.Rxd6 Kxd6 26.e5+ Ke7 27.Ne4 Rf8 28.Qc5+ Kf7 29.Qc7 Rfd8
30.Nbc5 Rac8 31.Nd6+ Kg6 32.Nxc8 Rxc8 33.Qd6 Bb5 34.Nxe6 Rc6 35.Qe7  1-0

[Event "Hoogovens-B"]
[Site "Wijk aan Zee"]
[Date "1972.??.??"]
[Round "?"]
[White "Garcia Martinez, Silvino"]
[Black "Van Scheltinga, Theo D"]
[Result "1-0"]
[WhiteElo "2335"]
[BlackElo "2360"]

1.e4 c5 2.Nf3 d6 3.d4 cxd4 4.Nxd4 Nf6 5.Nc3 Nc6 6.Bg5 e6 7.Qd2 a6 8.O-O-O Bd7
9.f4 Qc7 10.Nf3 h6 11.Bh4 b5 12.a3 b4 13.axb4 Nxb4 14.Bxf6 gxf6 15.Nd5 Na2+
16.Kb1 exd5 17.exd5 f5 18.Qd4 Rh7 19.Qe3+ Kd8 20.Kxa2 Qxc2 21.Bd3 Qa4+ 22.Kb1 Rb8
23.Rd2 Bg7 24.Rc2 Qb4 25.Re1 Bf6 26.Bxf5 Qxe1+ 27.Nxe1 Bxf5 28.Nd3 Rb3 29.Rd2 Rh8
30.Ka2 Rb7 31.Re2 Bd7 32.Qg3 Bb5 33.f5 Bc4+ 34.Kb1 Kd7 35.Rc2 Bxd5 36.Qf4 Rhb8
37.Rd2 Rb5 38.Qxh6 Bc3 39.Rc2 Bd4 40.Qh4 Be3 41.Re2 Re8 42.Qe1 Be4 43.Rxe3 Bxd3+
44.Ka2 Bc4+ 45.Ka1 Rxe3 46.Qxe3 Rxf5 47.b3 Bb5 48.h4 Re5 49.Qh3+ Ke8 50.h5 Bd7
51.Qh4 Bf5 52.h6 Bh7 53.Qf6 Bg6 54.h7 Bxh7 55.Qh8+ Ke7 56.Qxh7 a5 57.Kb2 Rc5
58.Qg7 Ke6 59.Qf8 Rd5 60.Qe8+ Kf6 61.Kc3 Re5 62.Qd7 Rd5 63.Kc4 Rd2 64.Qd8+ Kg6
65.Qxa5 Rxg2 66.Qd5 Rg4+ 67.Kc3  1-0

[Event "IBM-B"]
[Site "Amsterdam"]
[Date "1973.??.??"]
[Round "4"]
[White "Scholl, Eduard C"]
[Black "Torre, Eugenio"]
[Result "0-1"]
[WhiteElo "2400"]
[BlackElo "2430"]

1.e4 c5 2.Nf3 Nc6 3.d4 cxd4 4.Nxd4 Nf6 5.Nc3 d6 6.Bg5 Bd7 7.Qd2 Nxd4 8.Qxd4 Qa5
9.Bd2 e5 10.Qd3 h6 11.f3 a6 12.g4 Bc6 13.h4 Qb6 14.O-O-O Be7 15.Bh3 Nh7 16.Kb1 Qc7
17.Bg2 Nf8 18.g5 h5 19.f4 Nd7 20.f5 b5 21.Be3 Rc8 22.Qe2 Nb6 23.Bxb6 Qxb6
24.f6 gxf6 25.gxf6 b4 26.Nd5 Bxd5 27.Rxd5 Bxf6 28.Bf3 Ke7 29.Bxh5 Rcg8 30.Rdd1 Rh6
31.Rdf1 Rg3 32.Qc4 Rxh5 33.Rxf6 d5 34.Rxb6 dxc4 35.Rxb4 Rxh4 36.Rf1 Rf4 37.Rd1 Rxe4
38.Rb7+ Kf6 39.Rb6+ Kg5 40.Rxa6 Rd4 41.Kc1 c3 42.Rxd4 Rg1+ 43.Rd1 cxb2+ 44.Kxb2 Rxd1
45.c4 f5 46.Re6 Kf4 47.Kc2 Rd8 48.a4 e4 49.c5 Ke3 50.Kc3 f4 51.Rf6 f3 52.Kc4 Kf2
53.c6 e3 54.c7 Rc8  0-1

[Event "IBM-B"]
[Site "Amsterdam"]
[Date "1973.??.??"]
[Round "9"]
[White "Scholl, Eduard C"]
[Black "Bellin, Robert"]
[Result "1/2-1/2"]
[WhiteElo "2400"]
[BlackElo "2320"]

1.e4 c5 2.Nf3 d6 3.d4 cxd4 4.Nxd4 Nf6 5.Nc3 Nc6 6.Bg5 e6 7.Qd2 a6 8.O-O-O Bd7
9.f4 Be7 10.Nf3 b5 11.Bxf6 gxf6 12.g3 Qb6 13.Kb1 O-O-O 14.f5 h5 15.h3 Kb8
16.fxe6 fxe6 17.Ne2 Qb7 18.Nf4 Ne5 19.Nh4 Nc4 20.Qe2 f5 21.exf5 Bf6 22.c3 Bc6
23.Bg2 Bxh4 24.Bxc6 Qxc6 25.gxh4  1/2-1/2